000
00273nam a2200097Ia 4500
082
_a
J ST 910 CARR
245
0
_a
Successful geography. 6
100
_a
CARR, David Cape Town, 1996 - [2003] 3rd ed
_9
80096
942
_c
BK
008
210817s9999 xx 000 0 und d
999
_c
393111
_d
393109